000 01070naa a2200265 c 4500
001 48668
999 _c48668
_d48668
003 ES-MaCES
005 20161219161339.0
008 161219s2016 sp ||||| t||||||| ||spa d
040 _aES-MaCES
_bspa
_cES-MaCES
_dES-MaCES
100 1 _911905
_aFernández López, María Fernanda
245 1 0 _aDescentralización laboral
_b: problemas e incidencias
_cMaría Fernanda Fernández López
650 4 _927218
_adescentralización
650 4 _930021
_areestructuración industrial
650 4 _927641
_areubicación de industrias
650 4 _930174
_aflexibilidad del trabajo
650 4 _928259
_aproductividad
650 4 _927165
_aderecho del trabajo
650 4 _927153
_alegislación
650 4 _928624
_ajurisprudencia
653 1 0 _aDerecho del trabajo y Seguridad Social
773 0 _985446
_dAlbacete (Concepción, 12, 2º izda., 02002) Bomarzo 1998-
_o088344
_tRevista de derecho social
_w(ES-MaCES)25695
_gn. 75 (jul.-sept. 2016) {10693 R. 088344} ;p. 13-30
902 _aART Artículo de revista
942 _2CES
_cAR
_h6.0.1.